Aventura en el mar : historias de navegantes españoles, contadas a los niños

Gespeichert in:
Bibliographische Detailangaben
1. Verfasser: Miner Otamendi, José Manuel (1910-2003)
Format: Buch
Sprache:Spanisch
Erschienen: Madrid : Escuela Española, [1945?]
Katalog:MANES:  Suchergebnis im Bibliothekskatalog
Schulbuchspezifische Eigenschaften:
Tags: Tag hinzufügen
Keine Tags, Fügen Sie den ersten Tag hinzu!
Hinzugefügt zu:12.07.1999
Geändert in:07.05.2025

MARC

LEADER 00000cam a2200000 i 4500
003 OSt
005 20250507134358.0
008 990713s1945 espa 000 0 spa d
040 |a uned  |b spa  |c entro-manes 
100 1 |a Miner Otamendi, José Manuel   |d (1910-2003)  |9 36839 
245 1 0 |a Aventura en el mar :   |b historias de navegantes españoles, contadas a los niños /   |c José Miner Otamendi 
260 |a Madrid :   |b Escuela Española,   |c [1945?] 
300 |a 140 p., 1 h. :   |b il.  |c 13x15 cm 
500 |a Censura eclesiástica: Doctor Andrés de Lucas, censor. Madrid, 27 de marzo de 1945. "Obra aprobada pro el consejo nacional de educación para servir de texto en las escuelas de primera enseñanza": Edición ilustrada con grabados en blanco y negro. 
546 |a España 
561 |5 es-BUNED  |3 L.T. 3837  |a España. Fondo Manes UNED  |k MANES 
690 0 |a EyL  |a HI 
691 0 |a PRI 
942 |2 ddc  |c BK 
999 |c 93063  |d 93063 
999 |c manes:93063  |d 93063